00568nam a2200157Ia 4500082001200000100002000012245005500032260006300087300000800150504002600158650002600184650004700210650004500257650005000302710005800352 aRN 0100 aNayar, P. K. B. 0aProblems and needs of widows: a study in Keralab: c2004bIndian Council of Social Science Research, New Delhi a130 aincludes bibliography aWidowszIndiazKerala aWidowsvEconomic conditionszIndiazKerala aWidowsvSocial conditionszIndiazKerala aWidowsvLegal status, laws etczIndiazKerala aCentre for gerontological studies , Thiruvantthapuram